000 00356nam a2200133Ia 4500
008 100328s9999 xx 000 0 und d
082 _b34187
100 _aकापसे स्मिता
245 _aरामायणीय
260 _bआरती
630 _aरामायणीय
730 _aरामायणीय
942 _cBOOK
999 _c524414
_d524411